Landmarks of India by Picture Quiz - Statistics

General Stats
  • This quiz has been taken 753 times
  • The average score is 7 of 15
Answer Stats
Picture Answer % Correct
Taj Mahal
100%
Red Fort
81%
Golden Temple
76%
Lotus Temple
74%
Charminar
65%
Gateway of India
64%
Qutub Minar
62%
Hawa Mahal
52%
Sun Temple
40%
Victoria Memorial
33%
Jantar Mantar
26%
Meenakshi Amman temple
23%
Akshardham
22%
Lake Palace
18%
Mahabodhi Temple
9%
No matching quizzes found
Score Distribution
Percent of People with Each Score
Percentile by Number Answered
Your Score History
You have not taken this quiz